[Event "41st Festival GM"]
[Site "Biel SUI"]
[Date "2008.07.21"]
[Round "2"]
[White "Alekseev,Evgeny"]
[Black "Carlsen,M"]
[Result "1/2-1/2"]
[WhiteElo "2708"]
[BlackElo "2775"]
[EventDate "2008.07.20"]

1. d4 Nf6 2. c4 e6 3. Nf3 b6 4. g3 Ba6 5. Qa4 Bb7 6. Bg2 c5 7. dxc5 bxc5 8.
O-O Be7 9. Nc3 O-O 10. Rd1 Qb6 11. Bf4 Rd8 12. Rd2 d6 13. Rad1 a6 14. Qc2
Qc7 15. e4 Nh5 16. Be3 Nc6 17. h3 h6 18. Nh2 Rac8 19. Nf1 Nf6 20. f4 d5 21.
cxd5 Nd4 22. Qb1 exd5 23. e5 Ne4 24. Nxe4 dxe4 25. Kf2 Nf3 26. Rxd8+ Rxd8
27. Rxd8+ Qxd8 28. Qc1 g5 29. Bxf3 exf3 30. fxg5 hxg5 31. Qd2 Qb6 32. Nh2
Qg6 33. Ng4 c4 34. Nf6+ Kg7 35. g4 Qd3 36. Ne8+ Kg6 37. Nd6 Ba8 38. b3
Qxd2+ 39. Bxd2 cxb3 40. axb3 f6 41. Bc3 fxe5 42. Bxe5 a5 43. Nf5 Bd8 44.
Bc3 Bb7 45. Nd4 Bf6 46. Ke3 Be5 47. Be1 Bxd4+ 1/2-1/2

Poikovsky
---------

[Event "41st Festival GM"]
[Site "Biel SUI"]
[Date "2008.07.28"]
[Round "7"]
[White "Carlsen,M"]
[Black "Alekseev,Evgeny"]
[Result "0-1"]
[WhiteElo "2775"]
[BlackElo "2708"]
[EventDate "2008.07.20"]

1. e4 e5 2. Nf3 Nc6 3. Bb5 Nf6 4. d3 Bc5 5. Nc3 O-O 6. Bxc6 dxc6 7. Nxe5
Qd4 8. Be3 Qxe5 9. d4 Qe7 10. dxc5 Nxe4 11. Qd4 Bf5 12. O-O-O Rad8 13. Qb4
Qe6 14. Kb1 b5 15. b3 Qe5 16. Nxe4 Bxe4 17. Bd4 Qf5 18. Qc3 f6 19. f3 Bd5
20. Rhe1 Rd7 21. Bf2 Rfd8 22. Rd4 h5 23. h3 Bf7 24. g4 hxg4 25. hxg4 Qg5
26. Kb2 Rxd4 27. Bxd4 Qd5 28. Rd1 b4 29. Qxb4 Qxf3 30. Rd2 Qxg4 31. Bc3 Qc8
32. Rg2 Bd5 33. Rg1 Qf5 34. Qb7 Kf7 35. Qxc7+ Rd7 36. Qc8 Be4 37. Qh8 Qh7
38. Qc8 Qf5 39. Rf1 Qe6 40. Qh8 Re7 41. Rd1 Re8 42. Qh2 Bf5 43. Rd2 Re7 44.
Qb8 Rd7 45. Rf2 Bg6 46. Rh2 Qe8 47. Qg3 Qe4 48. Rg2 Re7 49. Rd2 Rb7 50. Qh2
Re7 51. Qb8 Bf5 52. a4 Bg6 53. a5 Bf5 54. a6 Bg6 55. Qg3 Bf5 56. Rg2 Bg6
57. Rh2 Bf5 58. Qb8 Bg6 59. Ka3 Bh7 60. Rd2 Bf5 61. Qh8 Qe3 62. Kb2 Qe4 63.
Rf2 Qg4 64. Qh2 Bg6 65. Qd6 Qe6 66. Qxe6+ Kxe6 67. Ba5 Be4 68. c4 g5 69.
Bd2 Rg7 70. Re2 f5 71. b4 g4 72. b5 cxb5 73. cxb5 g3 74. Re1 Kd5 75. Be3
Bd3 76. Rd1 Ke4 77. Rxd3 Kxd3 78. Bg1 f4 79. b6 f3 80. b7 Rg8 81. c6 f2 82.
c7 fxg1=Q 83. c8=Q Qd4+ 84. Ka2 0-1

VI Gyorgy Marx Memorial
-----------------------

[Event "41st Festival MTO"]
[Site "Biel SUI"]
[Date "2008.07.21"]
[Round "1"]
[White "Cebalo,M"]
[Black "Desboeufs,M"]
[Result "1-0"]
[WhiteElo "2523"]
[BlackElo "2139"]
[EventDate "2008.07.21"]

1. d4 d5 2. c4 e6 3. Nf3 Be7 4. Nc3 Nf6 5. Bg5 Nbd7 6. e3 O-O 7. Rc1 c6 8.
a3 a5 9. h3 Re8 10. Qc2 Nf8 11. Bd3 N6d7 12. Bf4 dxc4 13. Bxc4 b5 14. Bd3
Bb7 15. O-O Ng6 16. Bg3 Rc8 17. Ne4 Nf6 18. Nc5 Ba8 19. Rfd1 Qb6 20. b4
Red8 21. Qb3 Bd6 22. Nxe6 Bxg3 23. Nxd8 Bxf2+ 24. Kxf2 Rxd8 25. Rc5 Bb7 26.
Kg1 axb4 27. axb4 Re8 28. Bxg6 hxg6 29. Ne5 Qc7 30. Rf1 Re6 31. Rf3 Bc8 32.
Qc2 Bd7 33. Rxb5 Qd8 34. Rb7 1-0

[Event "41st Festival MTO"]
[Site "Biel SUI"]
[Date "2008.07.21"]
[Round "1"]
[White "Bindrich,F"]
[Black "Bartels,Ho"]
[Result "1-0"]
[WhiteElo "2516"]
[BlackElo "2134"]
[EventDate "2008.07.21"]

1. d4 d5 2. c4 e6 3. Nc3 Nf6 4. cxd5 exd5 5. Bg5 Be7 6. e3 c6 7. Bd3 Bg4 8.
Nge2 Bh5 9. O-O O-O 10. b4 a6 11. a4 Nbd7 12. b5 axb5 13. axb5 c5 14. Rxa8
Qxa8 15. dxc5 Bxc5 16. Qb3 Bxe2 17. Nxe2 h6 18. Bf4 Qa3 19. Qc2 Re8 20. Bf5
Ne5 21. h3 Nc4 22. Nc3 g5 23. Nxd5 Nxd5 24. Qxc4 Nb6 25. Qe2 gxf4 26. Qg4+
Kh8 27. Bb1 Re6 28. Qf5 Kg7 29. Qh7+ Kf8 30. Qh8+ Ke7 31. Qb8 Qb4 32. Rc1
Rd6 33. Bf5 Qxb5 34. Qc7+ Nd7 35. Bxd7 Rxd7 36. Qe5+ Kf8 37. Rxc5 Rd1+ 38.
Kh2 Qd7 39. Qh8+ 1-0

[Event "41st Festival MTO"]
[Site "Biel SUI"]
[Date "2008.07.21"]
[Round "1"]
[White "De Andres,J"]
[Black "Ramesh,R"]
[Result "0-1"]
[WhiteElo "2036"]
[BlackElo "2478"]
[EventDate "2008.07.21"]

1. d4 Nf6 2. c4 e6 3. Nf3 d5 4. Nc3 Bb4 5. Bg5 Nbd7 6. cxd5 exd5 7. e3 c5
8. Bd3 Qa5 9. Qc2 c4 10. Bf5 O-O 11. O-O Re8 12. Bxd7 Nxd7 13. Ne2 Nf8 14.
a3 Bd6 15. Bf4 Bxf4 16. Nxf4 Ng6 17. Nxg6 hxg6 18. Qc3 Qxc3 19. bxc3 Bf5
20. Ra2 Re6 21. Rb2 Rb6 22. Rb4 Rxb4 23. axb4 a5 24. Ra1 a4 25. Ra3 f6 26.
Ne1 g5 27. f3 g4 28. Kf2 Kf7 29. Kg3 gxf3 30. gxf3 b5 31. Kf4 Ke6 32. e4
g5+ 33. Ke3 Bg6 34. Ra2 Kd6 35. exd5 a3 36. Kf2 Bb1 37. Ra1 a2 38. Ng2 0-1

[Event "41st Festival MTO"]
[Site "Biel SUI"]
[Date "2008.07.21"]
[Round "1"]
[White "Andrist,P"]
[Black "Nezad,H"]
[Result "0-1"]
[WhiteElo "2130"]
[BlackElo "2372"]
[EventDate "2008.07.21"]

1. d4 d5 2. c4 e6 3. Nc3 c6 4. e4 dxe4 5. Nxe4 Bb4+ 6. Bd2 Qxd4 7. Bxb4
Qxe4+ 8. Be2 Na6 9. Bc3 f6 10. Qd2 e5 11. f3 Qh4+ 12. g3 Qh6 13. Qd6 Ne7
14. Rd1 Kf7 15. Bd2 Qg6 16. Kf2 Be6 17. Bd3 Bf5 18. Ba5 b6 19. Bc3 Bxd3 20.
Qxd3 Qxd3 21. Rxd3 Nc5 22. Rd1 Rad8 23. Ne2 Nd3+ 24. Kg1 Nxb2 25. Rxd8 Rxd8
26. Bxb2 Rd2 0-1

[Event "41st Festival MTO"]
[Site "Biel SUI"]
[Date "2008.07.21"]
[Round "1"]
[White "Gleizerov,E"]
[Black "Draganic,S"]
[Result "1-0"]
[WhiteElo "2549"]
[BlackElo "2150"]
[EventDate "2008.07.21"]

1. d4 Nf6 2. c4 c5 3. d5 b5 4. cxb5 a6 5. b6 g6 6. Nc3 d6 7. Nf3 Bg7 8. Nd2
Nbd7 9. a4 Qxb6 10. e4 O-O 11. Be2 a5 12. Nc4 Qd8 13. O-O Nb6 14. Na3 Ne8
15. Bf4 Nc7 16. Rc1 Ba6 17. Bxa6 Nxa6 18. b3 Nd7 19. Nc4 Nb4 20. Qd2 Nb6
21. Nb5 Nxc4 22. bxc4 Qd7 23. Rfe1 f6 24. Bg3 g5 25. f4 gxf4 26. Bxf4 Rac8
27. Rc3 Kh8 28. Rh3 Qg4 29. Rg3 Qh4 30. Rf1 Rg8 31. Rff3 f5 32. exf5 Qf6
33. Bg5 Qf8 34. Rh3 Bf6 35. Rxh7+ Kxh7 36. Rh3+ Kg7 37. Bh6+ Kf7 38. Bxf8
Rcxf8 39. Nc7 Rh8 40. Rxh8 Rxh8 41. Qe2 Bd4+ 42. Kh1 Be5 43. g3 Rh6 44. Kg2
Kf6 45. h3 Kxf5 46. Qg4+ Kf6 47. Qe6+ Kg7 48. Qxe7+ Kg8 49. Ne6 Rg6 50. g4
Nd3 51. Qf8+ Kh7 52. Qf5 Ne1+ 1-0

[Event "41st Festival MTO"]
[Site "Biel SUI"]
[Date "2008.07.21"]
[Round "1"]
[White "Arbinger,R"]
[Black "Skoberne,J"]
[Result "0-1"]
[WhiteElo "2132"]
[BlackElo "2499"]
[EventDate "2008.07.21"]

1. d4 d6 2. e4 Nf6 3. Nc3 g6 4. Nf3 Bg7 5. Be2 O-O 6. O-O c5 7. h3 cxd4 8.
Nxd4 Bd7 9. Re1 Nc6 10. Be3 Rc8 11. Qd2 a6 12. a4 Nb4 13. Bf3 e5 14. Nb3
Qe7 15. Rac1 Be6 16. Bg5 h6 17. Bxh6 Bxh6 18. Qxh6 Bxb3 19. cxb3 Nd3 20. h4
b5 21. axb5 axb5 22. b4 Nxc1 23. Rxc1 d5 24. exd5 Qxb4 25. Re1 e4 26. Qg5
exf3 27. Qxf6 Qxb2 28. Re3 b4 29. Ne4 Qxf6 30. Nxf6+ Kg7 31. Rxf3 Rc3 32.
Rf4 b3 33. Nd7 b2 0-1

[Event "41st Festival MTO"]
[Site "Biel SUI"]
[Date "2008.07.21"]
[Round "1"]
[White "Bhend,E"]
[Black "Avrukh,B"]
[Result "0-1"]
[WhiteElo "2193"]
[BlackElo "2656"]
[EventDate "2008.07.21"]

1. e4 c5 2. Nf3 e6 3. b3 Nc6 4. Bb5 Nd4 5. Nxd4 cxd4 6. O-O Bc5 7. c3 a6 8.
Bd3 Ne7 9. Qh5 d6 10. Ba3 O-O 11. cxd4 Bxd4 12. Nc3 Ng6 13. Rac1 b5 14. Ne2
Be5 15. Rc2 Bb7 16. Qg4 Qa5 17. Bc1 Qb4 18. f4 Bf6 19. Kh1 d5 20. e5 Bxe5
21. a3 Qxb3 22. Rf3 Qa4 23. Qh5 Rac8 24. Nc3 Bxc3 25. dxc3 f5 26. Qg5 d4
27. Rh3 Rxc3 28. Qh5 Rxc2 29. Qxh7+ Kf7 0-1

[Event "41st Festival MTO"]
[Site "Biel SUI"]
[Date "2008.07.21"]
[Round "1"]
[White "Belov,Vl"]
[Black "Perruchoud,B"]
[Result "1-0"]
[WhiteElo "2561"]
[BlackElo "2166"]
[EventDate "2008.07.21"]

1. d4 e6 2. c4 Nf6 3. Nc3 Bb4 4. e3 O-O 5. Bd3 d6 6. Nge2 c5 7. a3 Bxc3+ 8.
Nxc3 Nc6 9. O-O h6 10. Be2 cxd4 11. exd4 e5 12. Be3 Bf5 13. d5 Ne7 14. f4
exf4 15. Rxf4 Qd7 16. g4 Bh7 17. Rxf6 gxf6 18. Qd4 Kg7 19. Rf1 Ng8 20. Qf4
Rfe8 21. Bd4 Re5 22. c5 a6 23. Bxe5 fxe5 24. Qg3 f6 25. cxd6 Qxd6 26. Bd3
Bxd3 27. Qxd3 Rd8 28. Qe3 Ne7 29. Qf2 Ng8 30. Rd1 Qd7 31. h3 Qf7 32. d6 h5
33. gxh5 Qxh5 34. Kh2 Kf7 35. Qg2 Rd7 36. Rg1 Qh7 37. Qd5+ Kf8 38. Ne4 Qf7
39. Qxf7+ Rxf7 40. Nc5 Nh6 41. Rd1 1-0

[Event "41st Festival MTO"]
[Site "Biel SUI"]
[Date "2008.07.21"]
[Round "1"]
[White "Yahya,M"]
[Black "Ulibin,M"]
[Result "0-1"]
[WhiteElo "2136"]
[BlackElo "2520"]
[EventDate "2008.07.21"]

1. d4 e6 2. c4 f5 3. g3 Nf6 4. Bg2 c6 5. Nf3 d5 6. O-O Bd6 7. b3 Qe7 8. Ne5
b6 9. a4 a5 10. Ba3 O-O 11. Qc1 Bb7 12. Bxd6 Qxd6 13. Qa3 c5 14. Nc3 Na6
15. e3 Nb4 16. Rac1 Rac8 17. Rfd1 Ne4 18. Nb5 Qe7 19. cxd5 exd5 20. Qb2 Ba6
21. Bf1 Ng5 22. Nc3 Bxf1 23. Rxf1 Nf7 24. Nxf7 cxd4 25. exd4 Nd3 26. Qd2
Nxc1 27. Nh6+ gxh6 28. Rxc1 Qb4 29. Qe3 Rfe8 30. Qxh6 Qxd4 31. Qg5+ Qg7 32.
Qd2 Qe5 33. Qg5+ Kh8 34. Nxd5 Rxc1+ 35. Qxc1 Qxd5 0-1

[Event "41st Festival MTO"]
[Site "Biel SUI"]
[Date "2008.07.21"]
[Round "1"]
[White "Benkovic,P"]
[Black "Grinberg,V"]
[Result "1-0"]
[WhiteElo "2479"]
[BlackElo "2130"]
[EventDate "2008.07.21"]

1. Nf3 g6 2. d4 Bg7 3. g3 Nf6 4. Bg2 O-O 5. O-O d6 6. b3 Nbd7 7. Bb2 e5 8.
dxe5 Ng4 9. Qc1 Ngxe5 10. c4 Nxf3+ 11. Bxf3 Bxb2 12. Qxb2 Qf6 13. Nc3 Ne5
14. Bg2 Nc6 15. Rfd1 Be6 16. Qd2 Kg7 17. Rac1 Rae8 18. Nd5 Qd8 19. Qc3+ f6
20. Ne3 Qe7 21. c5 dxc5 22. Bxc6 bxc6 23. Qxc5 Qf7 24. Qxc6 Re7 25. Qa6 c5
26. Rxc5 f5 27. Qd6 f4 28. Qe5+ Kg8 29. Qxf4 Qe8 30. Qd4 Bh3 31. Rd5 Qf7
32. f4 Qe8 33. Rd8 1-0

[Event "41st Festival MTO"]
[Site "Biel SUI"]
[Date "2008.07.21"]
[Round "1"]
[White "Friesen,Bo"]
[Black "Jenni,F"]
[Result "0-1"]
[WhiteElo "2143"]
[BlackElo "2544"]
[EventDate "2008.07.21"]

1. e4 e5 2. Nf3 Nc6 3. Bb5 a6 4. Bxc6 dxc6 5. O-O f6 6. d4 exd4 7. Qxd4
Qxd4 8. Nxd4 Bd7 9. Nc3 O-O-O 10. Be3 Ne7 11. Nb3 b6 12. a4 a5 13. Nd2 Be6
14. Rad1 Ng6 15. h3 Bb4 16. Ne2 Ne5 17. Nd4 Bf7 18. b3 Kb7 19. f3 g6 20.
Ne2 Rhe8 21. Kf2 h5 22. Nb1 Bd6 23. Nbc3 Rf8 24. Bh6 Rfe8 25. Be3 Be6 26.
Nf4 Bc8 27. h4 Bb4 28. Nfe2 Bf8 29. Rxd8 Rxd8 30. Rd1 Re8 31. Nf4 f5 32.
Bd4 Bd6 33. Nce2 fxe4 34. Bxe5 exf3 35. gxf3 Rxe5 36. Nxg6 Bc5+ 37. Nd4 Rf5
38. Ke2 Rf6 39. Ne5 Rf4 40. Nexc6 Rxh4 41. Nd8+ Ka8 42. Nb5 Rh2+ 43. Kd3
Bf5+ 44. Kc4 Rxc2+ 45. Kd5 Be7 46. Ke5 Rc5+ 47. Kf4 Bg5+ 48. Kg3 h4+ 49.
Kg2 Rc2+ 50. Kh1 Bh3 51. Nd4 Bg2+ 52. Kg1 Be3+ 53. Kh2 Rb2 0-1

[Event "41st Festival MTO"]
[Site "Biel SUI"]
[Date "2008.07.21"]
[Round "1"]
[White "Lada,I"]
[Black "Bauer,Ch"]
[Result "0-1"]
[WhiteElo "2166"]
[BlackElo "2583"]
[EventDate "2008.07.21"]

1. c4 b6 2. Nc3 Bb7 3. e4 e6 4. a3 c5 5. g3 Nc6 6. Bg2 g6 7. d3 Bg7 8. Nge2
Nge7 9. h4 h6 10. Be3 d6 11. Rb1 Qd7 12. Qd2 Nd4 13. b4 Rd8 14. O-O Nec6
15. f4 f5 16. Rbe1 O-O 17. Kh2 Kh7 18. Nd1 a6 19. Bxd4 cxd4 20. Ng1 b5 21.
exf5 gxf5 22. Qe2 Rde8 23. Qh5 Qf7 24. Qxf7 Rxf7 25. Nb2 Nb8 26. Nf3 Kg8
27. Re2 Nd7 28. Rfe1 Rfe7 29. Kh1 Ba8 30. a4 bxa4 31. Nxa4 Bc6 32. Nb2 Nb8
33. c5 d5 34. Ne5 Bxe5 35. Rxe5 Kf7 36. g4 Nd7 37. Nc4 dxc4 38. Bxc6 Nxe5
39. Bxe8+ Rxe8 40. fxe5 c3 41. gxf5 exf5 42. Kg2 Rb8 43. e6+ Ke7 44. Kf3
Rxb4 45. Kf4 Rb5 46. Ke5 Rxc5+ 47. Kxd4 Rc6 48. Kd5 Rd6+ 49. Kc5 Rxd3 50.
Kc4 Rh3 51. Ra1 c2 0-1

[Event "41st Festival MTO"]
[Site "Biel SUI"]
[Date "2008.07.21"]
[Round "1"]
[White "Kritz,L"]
[Black "Tyukhanov,A"]
[Result "1-0"]
[WhiteElo "2610"]
[BlackElo "2181"]
[EventDate "2008.07.21"]

1. e4 c6 2. d4 d5 3. e5 c5 4. dxc5 Nc6 5. Nf3 Bg4 6. Bb5 e6 7. b4 Nge7 8.
h3 Bxf3 9. Qxf3 a5 10. c3 Ng6 11. Qe2 Be7 12. O-O O-O 13. Bxc6 bxc6 14. a3
Qc7 15. Re1 f6 16. exf6 Rxf6 17. Bg5 Nf4 18. Bxf4 Qxf4 19. Ra2 Rg6 20. Nd2
Rf8 21. Qe3 Qh4 22. Rc2 e5 23. Nf1 e4 24. Nh2 Bd8 25. c4 Bc7 26. cxd5 cxd5
27. b5 Bf4 28. Qb3 Qg5 29. g3 a4 30. Qc3 e3 31. Ng4 h5 32. gxf4 Rxf4 33.
Qxe3 hxg4 34. h4 Qf5 35. h5 Rf6 36. Rce2 Re4 37. Qd3 g3 38. fxg3 Qxh5 39.
Rxe4 dxe4 40. Qd8+ Kh7 41. Qe7 Rf4 42. Rxe4 Qd1+ 43. Re1 Qd3 44. Qe3 Rf1+
45. Kg2 Qxe3 46. Rxe3 Rc1 47. c6 Rc5 48. Re8 1-0

[Event "41st Festival MTO"]
[Site "Biel SUI"]
[Date "2008.07.21"]
[Round "1"]
[White "Kvisla,J"]
[Black "Baramidze,D"]
[Result "0-1"]
[WhiteElo "2180"]
[BlackElo "2593"]
[EventDate "2008.07.21"]

1. d4 d5 2. c4 c6 3. Nf3 Nf6 4. cxd5 cxd5 5. Nc3 Nc6 6. Bf4 Bf5 7. e3 e6 8.
Bd3 Bxd3 9. Qxd3 Be7 10. h3 O-O 11. O-O Rc8 12. Rac1 a6 13. Ne5 Nb4 14. Qd1
Nd7 15. Qg4 g6 16. Rfd1 Nxe5 17. Bxe5 Nc6 18. Bf4 Qb6 19. Qe2 Rfd8 20. Na4
Qa5 21. Nc5 Bxc5 22. Rxc5 Qxa2 23. Bg5 Re8 24. Bf6 Nb8 25. Qc2 Rxc5 26.
dxc5 Nd7 27. Qc3 Qa4 28. Rc1 e5 29. Bg5 f6 30. Bh6 Nb8 31. b4 Nc6 32. e4
Nd4 33. Kh2 Qc6 34. Be3 Ne2 35. exd5 Qd7 36. c6 Qf7 37. Qc5 Nxc1 38. Bxc1
Rc8 39. Qd6 bxc6 40. dxc6 Qc7 41. Qxf6 Qxc6 42. Qxe5 Qc7 43. Bf4 Qxe5 44.
Bxe5 Rc4 45. Bd6 Kf7 46. Kg3 Ke6 47. Bf8 Rc8 48. Bh6 Kd5 49. Kf3 Kc4 50.
Bd2 Kd3 51. Bg5 Rc7 52. Bd8 Rb7 53. Ba5 Rf7+ 54. Kg3 Ke2 55. f3 Rd7 56. Kf4
Kf2 57. g4 Rf7+ 58. Kg5 Kxf3 0-1

[Event "41st Festival MTO"]
[Site "Biel SUI"]
[Date "2008.07.21"]
[Round "1"]
[White "Hausrath,D"]
[Black "Ali,Ab"]
[Result "1/2-1/2"]
[WhiteElo "2491"]
[BlackElo "2130"]
[EventDate "2008.07.21"]

1. Nf3 Nf6 2. g3 d5 3. Bg2 Nbd7 4. d4 e6 5. O-O Bd6 6. Nbd2 O-O 7. Re1 c6
8. e4 dxe4 9. Nxe4 Nxe4 10. Rxe4 Qc7 11. b3 e5 12. dxe5 Nxe5 13. Bb2 Ng6
14. Qd4 f6 15. Rd1 Bf5 16. Re2 Rad8 17. Red2 Be5 18. Qc4+ Kh8 19. Nxe5 Nxe5
20. Qc5 Rfe8 21. Rxd8 Rxd8 22. Rxd8+ Qxd8 23. Bxe5 fxe5 24. Qxa7 h6 25.
Qxb7 Qd1+ 26. Bf1 Bxc2 27. Qa8+ Kh7 28. Qa6 e4 29. Kg2 Bd3 30. Bxd3 Qf3+
31. Kg1 exd3 32. Qc4 Kh8 33. Qd4 Qe2 34. Qd8+ Kh7 35. Qd7 d2 36. Qf5+ Kg8
37. Qc8+ Kf7 38. Qd7+ Kf6 39. Qxc6+ Kf7 40. Qd7+ Kf6 41. Qc6+ Kf5 42. Qd5+
Kf6 43. Qc6+ 1/2-1/2

[Event "41st Festival MTO"]
[Site "Biel SUI"]
[Date "2008.07.21"]
[Round "1"]
[White "Nabavi,P"]
[Black "Maze,S"]
[Result "0-1"]
[WhiteElo "2164"]
[BlackElo "2553"]
[EventDate "2008.07.21"]

1. d4 Nf6 2. Nf3 e6 3. Bf4 c5 4. c3 b6 5. e3 Bb7 6. Nbd2 Be7 7. h3 O-O 8.
Be2 d5 9. O-O Nc6 10. Ne5 Nxe5 11. Bxe5 Nd7 12. Bh2 Bf6 13. Nf3 Qe7 14. Qd2
g6 15. Ne5 Nxe5 16. Bxe5 Bxe5 17. dxe5 Rfd8 18. Rfd1 Bc6 19. Qe1 a5 20. f4
b5 21. a3 Rab8 22. b4 Ra8 23. Rab1 axb4 24. axb4 Ra3 25. Bf3 Qa7 26. Rdc1
Be8 27. bxc5 Qxc5 28. Bd1 Qc4 29. Be2 Qe4 30. Qd2 Rc8 31. Kh2 Qa4 32. Bd1
Ra2 33. Qd4 Qa3 34. Qb4 Qxb4 35. Rxb4 Rd2 36. Rd4 Rxd4 37. exd4 b4 38. Kg1
bxc3 39. Kf2 Bb5 40. Ke3 Kg7 41. Bc2 h6 42. h4 Rc7 43. g4 Ra7 44. Bd3 Bxd3
45. Kxd3 Ra2 46. Rxc3 Rg2 47. g5 Rg4 48. Ke3 h5 49. Rc1 Rxh4 50. Ra1 Rh3+
51. Ke2 h4 52. Rg1 Ra3 53. Rg4 h3 54. Rh4 Ra2+ 55. Ke3 Kf8 56. Kf3 h2 57.
Kg3 Ke7 58. Rh7 Rd2 59. Kf3 Ke8 60. Ke3 Ra2 61. Kf3 Ra3+ 62. Kg4 Ra2 63.
Kf3 Kd8 64. Kg4 Kc8 65. Kf3 Kb8 0-1

[Event "41st Festival MTO"]
[Site "Biel SUI"]
[Date "2008.07.21"]
[Round "1"]
[White "Kovacevic,A"]
[Black "Staub,L"]
[Result "1-0"]
[WhiteElo "2585"]
[BlackElo "2172"]
[EventDate "2008.07.21"]

1. e4 c6 2. d4 d5 3. f3 e6 4. Nc3 Nf6 5. e5 Nfd7 6. f4 c5 7. Nf3 Nc6 8. Be3
a6 9. Qd2 cxd4 10. Nxd4 Nxd4 11. Bxd4 Bc5 12. O-O-O Bxd4 13. Qxd4 Qb6 14.
h4 Qxd4 15. Rxd4 b6 16. Rh3 Bb7 17. Rg3 g6 18. Ne2 Ke7 19. Ng1 h5 20. Rc3
Rac8 21. Rxc8 Rxc8 22. Nf3 Nb8 23. Rb4 b5 24. Rd4 Nc6 25. Rd2 Nb4 26. a3
Nc6 27. b4 Nb8 28. Nd4 Nd7 29. Nb3 Rc3 30. Bd3 Rc7 31. g3 Nb6 32. Nc5 Bc8
33. Rd1 Bb7 34. Kd2 Bc8 35. Ke3 Bb7 36. Kd4 Bc8 37. Ra1 Bb7 38. a4 bxa4 39.
Nxa4 Nxa4 40. Rxa4 Rc6 41. Ra5 Kd8 42. Rc5 Kd7 43. Be2 Rb6 44. c3 Bc6 45.
Ra5 Bb7 46. Ra1 Kc7 47. Ra2 Bc8 48. Ra5 Bb7 49. Bf3 Bc6 50. Be2 Bb7 51.
Rc5+ Bc6 52. Ra5 Bb7 53. g4 hxg4 54. Bxg4 Kd7 55. Bd1 Bc6 56. Be2 Bb7 57.
h5 gxh5 58. Bxh5 Ke7 59. Bd1 Kd7 60. Ra1 Ke7 61. Ba4 Bc8 62. Kc5 Rb8 63.
Bc6 Kd8 64. b5 Kc7 65. bxa6 Rb6 66. Bb5 Rb8 67. a7 Ra8 68. Bc6 Bb7 69. Bxb7
Kxb7 70. Kd6 Kc8 71. Kc6 1-0

[Event "41st Festival MTO"]
[Site "Biel SUI"]
[Date "2008.07.22"]
[Round "2"]
[White "Maze,S"]
[Black "Huhndorf,A"]
[Result "1-0"]
[WhiteElo "2553"]
[BlackElo "2285"]
[EventDate "2008.07.21"]

1. e4 c5 2. Nf3 d6 3. Bc4 Nf6 4. d3 Nc6 5. c3 e6 6. Bb3 Be7 7. O-O O-O 8.
Re1 Ne5 9. Bc2 b6 10. d4 Nxf3+ 11. Qxf3 Bb7 12. Qh3 g6 13. Bh6 Re8 14. Ba4
Bxe4 15. Bxe8 Qxe8 16. Bg5 Bf5 17. Qh4 Qb5 18. b3 Kg7 19. c4 Qd7 20. dxc5
dxc5 21. Nc3 Qd4 22. Rac1 Rd8 23. Red1 Qxh4 24. Bxh4 Rd4 25. Bg3 Kf8 26.
Nb5 Rxd1+ 27. Rxd1 a6 28. Nc7 1-0

[Event "41st Festival MTO"]
[Site "Biel SUI"]
[Date "2008.07.22"]
[Round "2"]
[White "Baramidze,D"]
[Black "Weisbuch,U"]
[Result "1-0"]
[WhiteElo "2593"]
[BlackElo "2315"]
[EventDate "2008.07.21"]

1. e4 e6 2. d4 d5 3. Nc3 Nf6 4. e5 Nfd7 5. f4 c5 6. Nf3 Nc6 7. Be3 b6 8. g3
Be7 9. Bh3 g6 10. O-O Ba6 11. Rf2 h5 12. Ne2 Bxe2 13. Rxe2 cxd4 14. Nxd4
Nxd4 15. Bxd4 Bc5 16. c3 Kf8 17. Rc1 b5 18. Qd3 Rc8 19. Rf1 Bxd4+ 20. cxd4
Qb6 21. f5 Kg7 22. fxe6 fxe6 23. Rf6 Nxf6 24. exf6+ Kh6 25. Rxe6 Rc1+ 26.
Kg2 Qc7 27. Qe3+ g5 28. f7+ Kg7 29. f8=Q+ 1-0

[Event "41st Festival MTO"]
[Site "Biel SUI"]
[Date "2008.07.22"]
[Round "2"]
[White "Onoprienko,V"]
[Black "Bindrich,F"]
[Result "1/2-1/2"]
[WhiteElo "2309"]
[BlackElo "2516"]
[EventDate "2008.07.21"]

1. e4 c5 2. Nf3 d6 3. d4 cxd4 4. Nxd4 Nf6 5. Nc3 a6 6. Bc4 g6 7. Bb3 Bg7 8.
f3 Nbd7 9. Be3 Nc5 10. Qd2 b5 11. Bh6 Bxh6 12. Qxh6 Bb7 13. O-O-O Nxb3+ 14.
cxb3 Qb6 15. Kb1 O-O-O 16. b4 Kb8 17. Nb3 Rc8 18. Rhe1 Ba8 19. Rd2 Rhg8 20.
e5 dxe5 21. Rxe5 Rgd8 22. Qf4 Qc7 23. Rxd8 Rxd8 24. Nc5 Bb7 25. g3 Rd6 26.
Re1 Bc8 27. Ka1 h5 28. a3 Bb7 29. Rc1 Rd8 30. Qe3 Qd6 31. Rd1 Qc7 32. Rc1
Qd6 33. Rd1 Qc7 1/2-1/2

[Event "41st Festival MTO"]
[Site "Biel SUI"]
[Date "2008.07.22"]
[Round "2"]
[White "Schiendorfer,F"]
[Black "Berczes,D"]
[Result "0-1"]
[WhiteElo "2106"]
[BlackElo "2458"]
[EventDate "2008.07.21"]

1. d4 d5 2. c4 c6 3. Nc3 Nf6 4. Nf3 e6 5. Bg5 dxc4 6. e4 b5 7. e5 h6 8. Bh4
g5 9. Nxg5 hxg5 10. Bxg5 Nbd7 11. exf6 Bb7 12. g3 c5 13. d5 Bh6 14. Bxh6
Rxh6 15. Bg2 b4 16. Ne4 Nxf6 17. Qe2 Kf8 18. d6 Bd5 19. Qe3 Kg7 20. Rd1 Rh5
21. O-O Nxe4 22. Bxe4 Qxd6 23. Qf3 Rah8 24. Qg4+ Kf8 25. Bxd5 exd5 26. h4
Rxh4 27. gxh4 Rg8 28. Qxg8+ Kxg8 29. Kg2 d4 30. f4 c3 0-1

[Event "41st Festival MTO"]
[Site "Biel SUI"]
[Date "2008.07.22"]
[Round "2"]
[White "Bauer,Ch"]
[Black "Lehmann,Mar"]
[Result "1-0"]
[WhiteElo "2583"]
[BlackElo "2307"]
[EventDate "2008.07.21"]

1. d4 Nf6 2. Nf3 g6 3. g3 Bg7 4. Bg2 O-O 5. O-O d6 6. a4 a5 7. Nc3 d5 8.
Re1 c6 9. e4 dxe4 10. Nxe4 Nbd7 11. c3 Nxe4 12. Rxe4 Nf6 13. Re1 Bg4 14.
Qb3 Bxf3 15. Bxf3 Qd7 16. Kg2 Rfe8 17. Bd2 e6 18. Rad1 Rad8 19. c4 Qc7 20.
Bf4 Qd7 21. Qc3 c5 22. Be5 Qxa4 23. Ra1 Qb4 24. dxc5 Qxc3 25. Bxc3 Nd7 26.
Bxg7 Kxg7 27. Rxa5 b6 28. cxb6 Nxb6 29. b3 Rd2 30. Rb5 1-0

[Event "41st Festival MTO"]
[Site "Biel SUI"]
[Date "2008.07.22"]
[Round "2"]
[White "Nezad,H"]
[Black "Kritz,L"]
[Result "1/2-1/2"]
[WhiteElo "2372"]
[BlackElo "2610"]
[EventDate "2008.07.21"]

1. e4 c5 2. Nf3 b6 3. c3 Bb7 4. e5 Qc7 5. d4 e6 6. Bd3 Nc6 7. O-O d6 8. Na3
dxe5 9. dxe5 a6 10. Bf4 Nge7 11. Nc4 Nd5 12. Bg3 Be7 13. Qc2 O-O-O 14. Nd6+
Bxd6 15. exd6 Qd7 16. Qe2 a5 17. Bb5 f6 18. c4 Ndb4 19. a3 Na6 20. b4 axb4
21. Qc2 bxa3 22. Rxa3 Nab4 23. Qa4 e5 24. Nxe5 fxe5 25. Bxe5 Rhe8 26. Bg3
Re6 27. Rd1 Qe8 28. Raa1 Qg6 29. d7+ Rxd7 30. Rxd7 Kxd7 31. Qa7 Kc8 32.
Qxb6 Qf7 33. Qxc5 Nd3 34. Qd5 Qf6 35. Rd1 Nce5 36. Bd7+ Nxd7 37. Qxd3 Nc5
38. Qxh7 Re8 39. Qh5 Qc6 40. f3 Ne6 41. Qg4 Qc5+ 42. Kh1 Qg5 43. Qh3 Bc6
44. Qh7 Nc7 45. Qh3+ Ne6 46. Qh7 Nc7 47. Qb1 Rd8 48. Re1 Re8 49. Rd1 Rd8
50. Re1 Re8 1/2-1/2

[Event "41st Festival MTO"]
[Site "Biel SUI"]
[Date "2008.07.22"]
[Round "2"]
[White "Jenni,F"]
[Black "Meier,V"]
[Result "0-1"]
[WhiteElo "2544"]
[BlackElo "2276"]
[EventDate "2008.07.21"]

1. e4 e5 2. Nf3 Nc6 3. Bb5 Nf6 4. d3 d6 5. Nbd2 Bd7 6. Nf1 g6 7. Bg5 h6 8.
Bh4 Bg7 9. Ne3 Ne7 10. Bc4 Be6 11. O-O O-O 12. Qd2 g5 13. Bg3 Nh5 14. Rad1
Qd7 15. Rfe1 b5 16. Bxe6 fxe6 17. c3 c5 18. d4 Rxf3 19. gxf3 exd4 20. cxd4
cxd4 21. Nf1 Ng6 22. Qb4 e5 23. Nd2 Kh7 24. Kh1 Nhf4 25. Qb3 Ne6 26. Rc1 h5
27. Qd5 Rd8 28. Qc6 h4 29. Qxd7 Rxd7 30. b4 Bf6 31. Nb3 hxg3 32. hxg3 Bd8
33. Rc2 Bb6 34. Nc1 Ne7 35. Nd3 Rc7 36. Rxc7 Bxc7 37. Kg2 Kg6 38. Rh1 Ng8
39. Rc1 Nf6 40. Re1 Kf7 41. Rc1 Ke7 42. Re1 Kd7 43. Re2 a5 44. a3 a4 45.
Re1 Bd8 46. Re2 Bc7 47. Re1 Ke7 48. Rh1 d5 49. exd5 Nxd5 50. Rh7+ Kd6 51.
Rh6 Bd8 52. Rh8 Bf6 53. Rg8 Nc3 54. Rb8 Bd8 55. Ra8 Nb1 56. Kh3 Nxa3 57.
Kg4 Nc4 58. Kf5 Kd5 0-1